| 000 | 00368nam a22001217a 4500 | ||
|---|---|---|---|
| 082 | _a220 PRO | ||
| 100 |
_aNOROZE,UMAIR,AWAIS _971673 |
||
| 245 | _aPR-SOF-1360-DESIGN AND FABRICATION OF A MULTI-TERRAIN MOBILE PLATFORM | ||
| 260 |
_aISLAMABAD _bNSUT COLLEGE OF EME _c2014 |
||
| 650 |
_a DE-MECH-32 _971674 |
||
| 700 |
_aDR AAMER A BAQAI,REHAN AHMED _971675 |
||
| 942 | _cCR | ||
| 999 |
_c578066 _d578066 |
||